Rastraveer Guru Govind Singh (Record no. 39585)
[ view plain ]
| 000 -LEADER | |
|---|---|
| fixed length control field | 00273nam a22001097a 4500 |
| 008 - FIXED-LENGTH DATA ELEMENTS--GENERAL INFORMATION | |
| fixed length control field | 230908b |||||||| |||| 00| 0 eng d |
| 100 ## - MAIN ENTRY--PERSONAL NAME | |
| Personal name | Bhagat Singh |
| 245 ## - TITLE STATEMENT | |
| Title | Rastraveer Guru Govind Singh |
| 260 ## - PUBLICATION, DISTRIBUTION, ETC. | |
| Name of publisher | Lahena Books |
| Year of publication | 1964 |
| Place of publication | Ludhiana |
| 300 ## - PHYSICAL DESCRIPTION | |
| Number of Pages | 356p |
| 942 ## - ADDED ENTRY ELEMENTS (KOHA) | |
| Koha item type | Books |
| Accession Number | Cost, replacement price | Lost status | Damaged status | Price effective from | Koha item type | Not for loan | Collection code | Withdrawn status | Home library | Current library | Shelving location | Date acquired | Source of acquisition | Cost, normal purchase price |
|---|---|---|---|---|---|---|---|---|---|---|---|---|---|---|
| 9668 | 10.00 | Lost and Cost Paid | 01/04/2023 | Books | Punjabi Department Books | RCL | RCL | General Stacks | 01/04/2023 | DDC | 10.00 |


